| 000 | 01084nam2a2200253 4500 | ||
|---|---|---|---|
| 001 | rc\2939423 | ||
| 005 | 20260315055642.0 | ||
| 021 |
_aRU _b2009-78059 _92555 |
||
| 035 | _a(NLR Aleph) 007088320 | ||
| 090 |
_a13599251 _c13599251 |
||
| 100 | _a20110824d1940 u y0rusy50 ca | ||
| 101 | 0 | _arus | |
| 102 | _aRU | ||
| 105 | _aba z ||||| | ||
| 200 | 1 |
_aБассейн Каспийского моря _fПод ред. Д.А. Данович _hВып. 2 _iБассейн р. Оки |
|
| 210 | _d1940 | ||
| 215 |
_a340 с., 1 л. карт. _cтабл., граф., карт. _d26 см |
||
| 461 | 0 |
_1001rc\2939421 _12001#$aМатериалы по режиму рек СССР$fПод общ. ред. Д.Л. Соколовского$vТ. 1 _96547602 _cЛенинград _d1939 _fПод общ. ред. Д.Л. Соколовского _nГидрометеорол. изд-во _tМатериалы по режиму рек СССР _vТ. 1 |
|
| 702 | 1 |
_aДанович _bД.А. _4340 |
|
| 801 | 0 |
_aRU _bNLR _gpsbo |
|
| 801 | 1 |
_aRU _bELAR _2rusmarc |
|
| 852 |
_aNLR _j39-19/192 |
||
| 942 | _cUNSPEC | ||
| 980 | _aNB | ||